00313nam a22001337a 4500003000400000082001700004100003100021245003000052250000900082260004200091300000800133650001300141653002500154SGT a615.53bP12A aAACHARYA, SHREE RAM SHARMA aPRASUPTI SE JAGRITI KI OR a1ST. aMATHURAbAAKHAND JYOTI SANSTHANc2012 a368 aAYURVEDA aPRASUPTI, JAGRITI,